Statistics for U.K. General Knowledge MC #7

Click here to take the quiz!

General Stats

  • This quiz has been taken 802 times
  • The average score is 7 of 15

Answer Stats

QuestionAnswer% Correct
The Crown Jewels are kept where?Tower of London
89%
Queen Elizabeth II trained as what during World War 2 ?Driver and Mechanic
84%
What drink according to advertising is "Made in Scotland from Girders !" ?Irn-Bru
82%
The US TV programme "College Bowl" was known as what in the U.K.?University Challenge
77%
The Zebra crossing on the cover of The Beatles album "Abbey Road" is in which city?London
66%
The first draft of "Magna Carta" was in which year ?1215
51%
Harry Potter's home address was in Little Whinging in which county ?Surrey
43%
How old was William Shakespeare when he died ?52
38%
Corstorphine,Gorgie and Morningside are all neighbourhoods of which Scottish city ?Edinburgh
38%
"Pedwar" is the Welsh word for which number ?4
37%
Prime Minister Boris Johnson was born in which city ?New York
33%
In what year was medicinal Cannabis legalised in the U.K. ?2018
25%
Queens Park, Regents Park and Piccadilly Circus are stations on which London Underground line ?Bakerloo
21%
Fingal's Cave is on which Scottish island ?Staffa
20%
Used balls from the Tennis Tournament at Wimbledon are recycled to be used as what?Field homes for the Eurasian harvest mouse
13%

Score Distribution

Percentile by Number Answered

Percent of People with Each Score

Your Score History

You have not taken this quiz